| 000 | 00508nam a2200157 i 4500 | ||
|---|---|---|---|
| 001 | 99897 | ||
| 003 | ES-MaACL | ||
| 005 | 20230906182554.0 | ||
| 007 | t| | ||
| 008 | 050919s1971 sp ||||1| spa d | ||
| 100 | 1 |
_aMartínez Menchén, Antonio. _978227 |
|
| 245 | 1 | 0 |
_aNarraciones infantiles y cambio social _b: (la narrativa infantil y el funcionalismo literario) / _cAntonio Martínez Menchén. |
| 260 |
_aMadrid : _bTaurus, _c1971. |
||
| 300 |
_a116 p. ; _c18 cm. |
||
| 852 |
_aES-MaACL _jC-41630 _bR.79973 |
||
| 999 |
_c99897 _d99897 |
||